Datum a čas kvízu
20.5
Celkem bodů
Celkový počet nahraných bodů na tomto kvízu bez doplňovacích otázek.
6.
Pořadí na kvízu
Konečné umístění týmu na tomto kvízu.
Zaznamenané odpovědi
| # | Otázka | Odpověď | Body | Výsledky |
|---|---|---|---|---|
| 1. | Symbolický poslední vozík s tu... | Lazy | 0 | |
| 2. | Prezident USA v úterý tradičně... | Butter (Máslo), Bread (Chléb) | 0 | |
| 3. | Na televizní obrazovky se vrac... | Hana | 0 | |
| 4. | Jak jste si jistě všimli, spol... | Zlatuška | 0 | |
| 5. | Zápas mezi Slavii a Interem si... | Miloš Zeman | 1 | |
| 6. | V tomto tématu se podíváme na... | A) pestík | 1 | |
| 7. | Tato britská indierocková kape... | Florence and the Machine | 1 | |
| 8. | Jak se jmenuje tento pilot For... | Daniil Kvjat | 0 | |
| 9. | Z následujících rostlin vybert... | D | 0 | |
| 10. | Zřejmě nejslavnější českou fil... | dědeček vycinkal | 0 |